000 00332 a2200133 4500
001 64729
040 _cAnchieta - Pituba
100 _aÁlvaro, Henrique e Renato
240 1 0 _a1ª Avaliação de Química, 1º série
_lpor
245 1 0 _a1ª Avaliação de Química, 1º série
362 0 _a2018
650 4 _aQuímica
942 _cBK
999 _c64729
_d64729